000 01043nam a2200229Ia 4500
001 L220-4286
003 IT-CnALBA
008 170116s9999||||xx |||||||||||||| ||und||
040 _aIT-CnALBA
_cIT-CnALBA
041 _aITALIANO
100 _aPAOLO, APOSTOLO E SANTO
245 0 _aNUOVISSIMA VERSIONE DELLA BIBBIA. LETTERE AI TESSALONICESI. VOL. 37.
250 _a1a ed.
260 _aCINISELLO BALSAMO (MI)
_bEDIZIONI PAOLINE
_c1971 [1° Ed.:1971 - Ed.Ling.Originale: 1971]
300 _a108 p.
500 _aI E II LETTERA AI TESSALONICESI. TRADUZIONE DAI TESTI ORIGINALI INTRODUZIONE E NOTE DI ORTENSIO DA SPINEDOLI. REVISORI PIERO ROSSANO E ADALBERTO SISTI.
501 _aSocietà San Paolo EM - Piazza San Paolo, 14 - 12051 ALBA (CN) (non commercial uses only) ® Copyright 2017
520 _aI E II LETTERA AI TESSALONICESI. TRADUZIONE DAI TESTI ORIGINALI INTRODUZIONE E NOTE DI ORTENSIO DA SPINEDOLI. REVISORI PIERO ROSSANO E ADALBERTO SISTI.
650 _aBIBBIA - TESTI E COMMENTI
942 _cBK
957 _71
999 _a5264
_bSI
_g Copie: 1
_c263472
_d263472